000 00604cam a22002294a 4500
005 20250605164301.0
008 250528s ||||||||||||||||||||||||d
035 _a22081
020 _a9781446252239
040 _aGR-AtMCL
_bgre
_dGR-AtMCL
_eAACR2
245 1 _aCARL ROGERS
250 _a3
260 _bSage Publications,
_c2013
300 _a144
505 0 _aKEY FIGURES IN COUNSELLING AND PSYCHOTHERAPY
520 _aKEY FIGURES IN COUNSELLING AND PSYCHOTHERAPY
700 1 _aSanders Pete
_97956
700 1 _aThorne Brian
_97595
942 _cBK
999 _c7137
_d7137